[Event "Llinars del Valles op 1st"]
[Site "Llinars del Valles"]
[Date "2021.07.01"]
[Round "7"]
[White "Broadbent Brun, Jensen"]
[Black "Ridao Gimeno, Oscar"]
[Result "1/2-1/2"]
[WhiteElo "1488"]
[BlackElo "1638"]
[PlyCount "71"]
[EventDate "2021.06.25"]
[EventType "swiss"]
[EventRounds "9"]
[EventCountry "ESP"]
[SourceTitle "CBM 203 Extra"]
[Source "ChessBase"]
[SourceDate "2021.09.30"]
[SourceVersion "1"]
[SourceVersionDate "2021.09.30"]
[SourceQuality "1"]

1. d4 Nf6 2. c4 d6 3. Nc3 g6 4. e4 Bg7 5. Nf3 0-0 6. Be2 c6 7. 0-0 Nbd7 8. h3 a6 9. a4 e5 10. dxe5 Nxe5 11. Nxe5 dxe5 12. Be3 Be6 13. Qc2 Qc7 14. a5 Nd7 15. Na4 f5 16. f3 f4 17. Bf2 Rfe8 18. Nb6 Nxb6 19. Bxb6 Qe7 20. Qc3 Qg5 21. Kh1 Qf6 22. b4 h5 23. Rad1 g5 24. Bf2 Bf8 25. c5 Rad8 26. Rxd8 Rxd8 27. Rd1 Rxd1+ 28. Bxd1 Kg7 29. Be2 Be7 30. Kg1 Kg6 31. Kh1 Qg7 32. Kg1 Kf6 33. Be1 Kf7 34. Bc4 Qf6 35. Qb3 Bxc4 36. Qxc4+ 1/2-1/2

[Event "Llinars del Valles op-B 12th"]
[Site "Llinars del Valles"]
[Date "2018.05.19"]
[Round "5.32"]
[White "Ridao Gimeno, Oscar"]
[Black "Navajas Alvarez, Antoni"]
[Result "1/2-1/2"]
[WhiteElo "1640"]
[BlackElo "1332"]
[PlyCount "109"]
[EventDate "2018.04.14"]
[EventType "swiss"]
[EventRounds "8"]
[EventCountry "ESP"]
[SourceTitle "CBM 184 Extra"]
[Source "ChessBase"]
[SourceDate "2018.06.28"]
[SourceVersion "1"]
[SourceVersionDate "2018.06.28"]
[SourceQuality "1"]

1. d4 Nf6 2. Bf4 c5 3. c3 e6 4. e3 Be7 5. Bd3 0-0 6. Nd2 b6 7. Ngf3 Bb7 8. Qc2 d5 9. b3 Nc6 10. 0-0 h6 11. h3 Qd7 12. Bb5 Bd6 13. Ne5 Qc7 14. Ndf3 a6 15. Be2 Nd7 16. Nxd7 Qxd7 17. Bxd6 Qxd6 18. Bd3 Rac8 19. Qe2 b5 20. Rab1 c4 21. bxc4 dxc4 22. Bxc4 Na5 23. Bd3 Bxf3 24. Qxf3 Rxc3 25. Be2 Rfc8 26. Rb2 Qc6 27. Qxc6 R3xc6 28. a4 bxa4 29. Ra2 Nb3 30. Rxa4 a5 31. Ra3 Rc3 32. Rd1 Kf8 33. Kf1 Nd2+ 34. Rxd2 Rxa3 35. g4 Rc1+ 36. Kg2 Raa1 37. Rb2 a4 38. e4 a3 39. Rb8+ Ke7 40. e5 Kd7 41. Rb7+ Rc7 42. Rb8 Kc6 43. Kf3 Rb7 44. Ra8 a2 45. Kg2 Kb6 46. Ra6+ Kc7 47. Bf3 Rb6 48. Ra7+ Kc8 49. d5 exd5 50. Bxd5 Rb2 51. Bxf7 Kb8 52. Ra3 Kc7 53. Ra7+ Kb6 54. Ra8 Kc7 55. Ra7+ 1/2-1/2

[Event "Llinars del Valles op-B 12th"]
[Site "Llinars del Valles"]
[Date "2018.04.21"]
[Round "2.3"]
[White "Sierra Macias, Adan"]
[Black "Ridao Gimeno, Oscar"]
[Result "1/2-1/2"]
[WhiteElo "1488"]
[BlackElo "1640"]
[PlyCount "183"]
[EventDate "2018.04.14"]
[EventType "swiss"]
[EventRounds "8"]
[EventCountry "ESP"]
[SourceTitle "CBM 184 Extra"]
[Source "ChessBase"]
[SourceDate "2018.06.28"]
[SourceVersion "1"]
[SourceVersionDate "2018.06.28"]
[SourceQuality "1"]

1. d4 d5 2. c4 e5 3. dxe5 d4 4. Nf3 Nc6 5. Nbd2 Bf5 6. a3 Nge7 7. b4 Ng6 8. Bb2 Ncxe5 9. Nxd4 Qe7 10. e3 Bd3 11. Qb3 Bxf1 12. Kxf1 Qd7 13. c5 c6 14. N2f3 Nxf3 15. Nxf3 Rd8 16. Ke2 Qe7 17. Rhd1 Nf4+ 18. Kf1 Nd5 19. Rd4 Qe6 20. Qd3 Be7 21. Qe4 Qxe4 22. Rxe4 0-0 23. Rc1 a6 24. Rcc4 f5 25. Red4 Bf6 26. Rd2 g5 27. Ke2 Bxb2 28. Rxb2 Nf4+ 29. exf4 Rfe8+ 30. Ne5 gxf4 31. Kf3 Rxe5 32. Kxf4 Rde8 33. f3 Kf7 34. Rc3 Rd5 35. Kg3 Kf6 36. Kf2 Red8 37. Ke2 f4 38. Rc4 Kf5 39. Re4 R8d7 40. Kf2 h5 41. g3 fxg3+ 42. hxg3 Rd3 43. Re3 Rd1 44. Ree2 R1d3 45. Re3 Rd1 46. Ree2 R1d3 47. Ra2 R3d4 48. Ke3 Rd3+ 49. Kf2 R3d4 50. Rec2 h4 51. gxh4 Rxh4 52. Rd2 Rg7 53. Ke3 Re7+ 54. Kd3 Rh3 55. Rf2 Kf4 56. Rae2 Rd7+ 57. Kc2 Rxf3 58. Rxf3+ Kxf3 59. Rd2 Re7 60. Rd3+ Kf2 61. Kc3 Ke2 62. Rd2+ Ke3 63. Rd1 Ke2 64. Rd2+ Ke3 65. Rd3+ Ke4 66. Rd1 Rh7 67. Rd3 Rh1 68. Rd7 Rh3+ 69. Kb2 Ke5 70. Rxb7 Kd4 71. Ra7 Kc4 72. Ra8 Rh2+ 73. Kc1 Kb5 74. a4+ Kxb4 75. Rxa6 Kxc5 76. Ra8 Kb4 77. a5 Ra2 78. a6 Kb5 79. Rb8+ Kc5 80. Ra8 Kb6 81. Rb8+ Ka7 82. Rb3 Kxa6 83. Rb8 Rh2 84. Rb3 c5 85. Rb8 c4 86. Rb4 Rh4 87. Kc2 Ka5 88. Rb8 Rh3 89. Rb7 Ka4 90. Rb6 Rb3 91. Rc6 Kb5 92. Rc8 1/2-1/2

[Event "Llinars del Valles op-B 12th"]
[Site "Llinars del Valles"]
[Date "2018.04.14"]
[Round "1.4"]
[White "Ridao Gimeno, Oscar"]
[Black "Fernandez Climent, Albert"]
[Result "1-0"]
[WhiteElo "1640"]
[BlackElo "1343"]
[PlyCount "139"]
[EventDate "2018.04.14"]
[EventType "swiss"]
[EventRounds "8"]
[EventCountry "ESP"]
[SourceTitle "CBM 184 Extra"]
[Source "ChessBase"]
[SourceDate "2018.06.28"]
[SourceVersion "1"]
[SourceVersionDate "2018.06.28"]
[SourceQuality "1"]

1. d4 Nf6 2. Bf4 c5 3. c3 cxd4 4. cxd4 d5 5. e3 Nc6 6. a3 a6 7. Bd3 e6 8. Nf3 Bd6 9. Ne5 Bxe5 10. Bxe5 Nxe5 11. dxe5 Nd7 12. Qa4 0-0 13. Qf4 Qc7 14. 0-0 Qxe5 15. Qxe5 Nxe5 16. Be2 b5 17. Nd2 Nc4 18. Nxc4 bxc4 19. Rfd1 Rb8 20. Rd2 f5 21. f4 Rf7 22. Ra2 Rfb7 23. Kf2 Kf7 24. Ke1 Rb3 25. Kf2 Bd7 26. Bxc4 R3b6 27. b4 Rc8 28. Bd3 Bb5 29. Ke2 Rbc6 30. Bxb5 axb5 31. a4 bxa4 32. Rxa4 Rc4 33. Ra7+ R8c7 34. Rxc7+ Rxc7 35. Kd3 Ke7 36. Ra2 Rb7 37. Rb2 Kd6 38. Kd4 h6 39. h4 h5 40. g3 g6 41. b5 Rb6 42. Rb3 Kd7 43. Kc5 Kc7 44. Ra3 Rb7 45. Ra6 Kd7 46. b6 Kc8 47. Kc6 Kb8 48. Kd6 Rg7 49. Kxe6 Rg8 50. Kf7 Kb7 51. Ra5 Kxb6 52. Rxd5 Rc8 53. Kxg6 Rg8+ 54. Kxf5 Rxg3 55. Ke4 Kc6 56. Rxh5 Rg6 57. f5 Rf6 58. Rg5 Kd7 59. Rg7+ Ke8 60. Rh7 Ra6 61. Kf4 Ra4+ 62. e4 Ra1 63. f6 Rf1+ 64. Ke5 Ra1 65. Ke6 Ra6+ 66. Kf5 Ra1 67. e5 Rf1+ 68. Ke6 Kd8 69. f7 Kc7 70. f8Q+ 1-0

[Event "Llinars del Valles op 11th B"]
[Site "Llinars del Valles"]
[Date "2017.04.22"]
[Round "1.10"]
[White "Ridao Gimeno, Oscar"]
[Black "Garcia Gallardo, Victor"]
[Result "1-0"]
[WhiteElo "1646"]
[BlackElo "1292"]
[PlyCount "137"]
[EventDate "2017.04.22"]
[EventType "swiss"]
[EventRounds "9"]
[EventCountry "ESP"]
[SourceTitle "EXT 2024"]
[Source "ChessBase"]
[SourceDate "2023.10.10"]
[SourceVersion "1"]
[SourceVersionDate "2023.10.10"]
[SourceQuality "1"]

1. d4 Nf6 2. c4 e6 3. a3 d5 4. e3 c5 5. dxc5 a5 6. Nf3 Bxc5 7. Nc3 0-0 8. b3 Nc6 9. Na4 Bd6 10. c5 Bc7 11. Bb5 e5 12. h3 Qe7 13. 0-0 Rd8 14. Bb2 e4 15. Ne1 Be5 16. Bxe5 Qxe5 17. Bxc6 bxc6 18. Qd4 Qxd4 19. exd4 Ba6 20. Nc2 Bxf1 21. Kxf1 Nh5 22. g3 f5 23. Nc3 f4 24. g4 Nf6 25. Ke2 Re8 26. b4 axb4 27. Nxb4 Rac8 28. Na4 e3 29. f3 Nd7 30. Ra2 Ra8 31. Nc3 Re6 32. h4 Nb8 33. Nd3 Na6 34. Nxf4 Rf6 35. Nd3 Raf8 36. Ne5 Nc7 37. Nd7 Rxf3 38. Nxf8 Rxf8 39. Kxe3 Ne6 40. Ne2 Rb8 41. Nf4 Rb3+ 42. Nd3 Kf7 43. a4 Nc7 44. Kd2 Na6 45. Ne5+ Ke6 46. Nxc6 Kd7 47. Ne5+ Kc7 48. Nd3 Rxd3+ 49. Kxd3 Nb4+ 50. Ke3 Nxa2 51. Kf4 Kd7 52. Ke5 Nb4 53. h5 h6 54. a5 Ke7 55. a6 Nxa6 56. Kxd5 Kd7 57. Ke5 Nc7 58. d5 Ne8 59. c6+ Ke7 60. Kf5 Kd6 61. Kg6 Kc7 62. Kf7 Kd8 63. c7+ Nxc7 64. Kxg7 Nxd5 65. Kxh6 Ke8 66. Kg7 Nf6 67. h6 Ke7 68. g5 Nh5+ 69. Kg8 1-0

[Event "Llinars del Valles op-B 10th"]
[Site "Llinars del Valles"]
[Date "2016.05.28"]
[Round "8"]
[White "Las Heras Aixandri, Sara"]
[Black "Ridao Gimeno, Oscar"]
[Result "1/2-1/2"]
[WhiteElo "1513"]
[BlackElo "1653"]
[PlyCount "60"]
[EventDate "2016.04.02"]
[EventType "swiss"]
[EventRounds "9"]
[EventCountry "ESP"]
[SourceTitle "CBM 172 Extra"]
[Source "ChessBase"]
[SourceDate "2016.06.21"]
[SourceVersion "1"]
[SourceVersionDate "2016.06.21"]
[SourceQuality "1"]

1. e4 g6 2. d4 Bg7 3. Nf3 d6 4. Nc3 Nf6 5. Bd3 0-0 6. Be3 Ng4 7. Bf4 e5 8. dxe5 Nxe5 9. Nxe5 Bxe5 10. Bh6 Bg7 11. Bxg7 Kxg7 12. h4 h5 13. Qd2 Nc6 14. f3 Ne5 15. Nd5 Nxd3+ 16. Qxd3 c6 17. Ne3 Be6 18. g4 Rh8 19. 0-0-0 Qa5 20. a3 Rad8 21. Nc4 Bxc4 22. Qxc4 hxg4 23. fxg4 Rxh4 24. Rxh4 Qg5+ 25. Kb1 Qxh4 26. Rf1 Rd7 27. Qd4+ f6 28. Rg1 Qg5 29. Qxa7 Qc5 30. Qxc5 dxc5 1/2-1/2

[Event "Roncana op-B 9th"]
[Site "Santa Eulalia de Roncana"]
[Date "2015.10.31"]
[Round "4"]
[White "Chavero Falero, Alfonso"]
[Black "Ridao Gimeno, Oscar"]
[Result "0-1"]
[WhiteElo "1721"]
[BlackElo "1791"]
[PlyCount "58"]
[EventDate "2015.10.03"]
[EventType "swiss"]
[EventRounds "8"]
[EventCountry "ESP"]
[SourceTitle "EXT 2017"]
[Source "ChessBase"]
[SourceDate "2016.10.25"]
[SourceVersion "1"]
[SourceVersionDate "2016.10.25"]
[SourceQuality "1"]

1. e4 c5 2. Nc3 Nc6 3. g3 d6 4. Nf3 g6 5. d4 cxd4 6. Nxd4 Bg7 7. Bb5 Bd7 8. Be3 Nf6 9. Qd2 Ng4 10. 0-0-0 Nxe3 11. Qxe3 Bxd4 12. Rxd4 Nxd4 13. Bxd7+ Qxd7 14. Qxd4 0-0 15. f4 Qc6 16. h4 Qc5 17. Qd1 Qe3+ 18. Kb1 Qxg3 19. f5 Qe5 20. Rg1 Kh8 21. Qd3 gxf5 22. exf5 Rg8 23. Rxg8+ Rxg8 24. a3 Qe1+ 25. Ka2 Qxh4 26. Qd5 Rg7 27. Qxb7 Qc4+ 28. Ka1 Rg1+ 29. Nb1 Qxc2 0-1

[Event "Llinars del Valles op-B 8th"]
[Site "Llinars del Valles"]
[Date "2015.05.16"]
[Round "6"]
[White "Ridao Gimeno, Oscar"]
[Black "Alabart Paytubi, Josep"]
[Result "0-1"]
[WhiteElo "1819"]
[BlackElo "1775"]
[PlyCount "77"]
[EventDate "2015.04.11"]
[EventType "swiss"]
[EventRounds "9"]
[EventCountry "ESP"]
[SourceTitle "EXT 2016"]
[Source "ChessBase"]
[SourceDate "2015.10.08"]
[SourceVersion "1"]
[SourceVersionDate "2015.10.08"]
[SourceQuality "1"]

1. d4 Nf6 2. c4 e6 3. Nc3 c5 4. d5 exd5 5. cxd5 d6 6. e4 g6 7. Bg5 Bg7 8. Nf3 0-0 9. Be2 h6 10. Bh4 Re8 11. Bd3 a6 12. 0-0 Nbd7 13. h3 g5 14. Bg3 Ne5 15. Nxe5 dxe5 16. f3 b6 17. b3 Bd7 18. Bf2 Qc8 19. a4 Nh5 20. g4 Nf4 21. Kh2 h5 22. Be3 Bh6 23. Bxf4 exf4 24. Re1 hxg4 25. hxg4 Bg7 26. Qd2 Bf6 27. Kg2 Bxg4 28. fxg4 Bxc3 29. Qxc3 Qxg4+ 30. Kf2 Qg3+ 31. Ke2 Rxe4+ 32. Kd2 Qf2+ 33. Re2 Rxe2+ 34. Bxe2 Re8 35. Qd3 f3 36. Re1 Rxe2+ 37. Rxe2 Qxe2+ 38. Qxe2 fxe2 39. Kxe2 0-1

[Event "Llinars del Valles op-B 8th"]
[Site "Llinars del Valles"]
[Date "2015.04.18"]
[Round "2"]
[White "Ridao Gimeno, Oscar"]
[Black "Jimeno San Jose, Luis"]
[Result "1-0"]
[WhiteElo "1819"]
[BlackElo "1709"]
[PlyCount "61"]
[EventDate "2015.04.11"]
[EventType "swiss"]
[EventRounds "9"]
[EventCountry "ESP"]
[SourceTitle "EXT 2016"]
[Source "ChessBase"]
[SourceDate "2015.10.08"]
[SourceVersion "1"]
[SourceVersionDate "2015.10.08"]
[SourceQuality "1"]

1. d4 d5 2. c4 e5 3. dxe5 d4 4. e3 Bb4+ 5. Bd2 dxe3 6. Bxb4 exf2+ 7. Ke2 Bg4+ 8. Nf3 Qxd1+ 9. Kxd1 Nc6 10. Bc3 0-0-0+ 11. Ke2 Nd4+ 12. Bxd4 Rxd4 13. Kxf2 Ne7 14. Nxd4 Bd7 15. h4 Ng6 16. Nf3 Rf8 17. g3 f6 18. exf6 Rxf6 19. Bh3 Bxh3 20. Rxh3 Ne5 21. Nbd2 Ng4+ 22. Kg1 Ne3 23. Re1 Nc2 24. Re7 Ra6 25. a3 Kd8 26. Rxg7 Rd6 27. Rh2 Ne3 28. Re2 Nf5 29. Rxh7 Nxg3 30. Rg2 Nf5 31. Rg8# 1-0

[Event "Llinars del Valles op-B 8th"]
[Site "Llinars del Valles"]
[Date "2015.04.11"]
[Round "1"]
[White "Rodriguez Saez, Gerard"]
[Black "Ridao Gimeno, Oscar"]
[Result "1-0"]
[WhiteElo "1985"]
[BlackElo "1819"]
[PlyCount "63"]
[EventDate "2015.04.11"]
[EventType "swiss"]
[EventRounds "9"]
[EventCountry "ESP"]
[SourceTitle "EXT 2016"]
[Source "ChessBase"]
[SourceDate "2015.10.08"]
[SourceVersion "1"]
[SourceVersionDate "2015.10.08"]
[SourceQuality "1"]

1. e4 c5 2. Nc3 d6 3. f4 Nc6 4. Nf3 g6 5. Bc4 e6 6. 0-0 Bg7 7. d3 Bd7 8. Qe1 a6 9. a4 Nd4 10. Nxd4 Bxd4+ 11. Be3 Bg7 12. f5 Qc7 13. fxe6 fxe6 14. Qh4 h6 15. Rf2 Qd8 16. Qg3 g5 17. Qxd6 Nf6 18. Bxe6 Bxe6 19. Qxe6+ Qe7 20. Qxe7+ Kxe7 21. Bxc5+ Ke6 22. Raf1 Nd7 23. Be3 Ne5 24. Nd5 Raf8 25. Rxf8 Rxf8 26. Rxf8 Bxf8 27. h3 Bg7 28. Kf1 g4 29. Nf4+ Kd6 30. Nh5 Bf8 31. Bf4 Ke6 32. Bxe5 1-0

[Event "Mataro op 11th"]
[Site "Mataro"]
[Date "2014.10.25"]
[Round "5"]
[White "Aparicio Escudero, Hector F"]
[Black "Ridao Gimeno, Oscar"]
[Result "1-0"]
[WhiteElo "1915"]
[BlackElo "1846"]
[PlyCount "55"]
[EventDate "2014.09.27"]
[EventType "swiss"]
[EventRounds "9"]
[EventCountry "ESP"]
[SourceTitle "EXT 2016"]
[Source "ChessBase"]
[SourceDate "2015.10.08"]
[SourceVersion "1"]
[SourceVersionDate "2015.10.08"]
[SourceQuality "1"]

1. d4 Nf6 2. c4 e6 3. Nf3 b6 4. g3 Bb7 5. Bg2 d5 6. cxd5 Bxd5 7. 0-0 Bd6 8. Nc3 Bc6 9. Bg5 h6 10. Bxf6 Qxf6 11. e4 Be7 12. Rc1 Bd8 13. d5 Bb7 14. Qa4+ Nd7 15. dxe6 Qxe6 16. Nd4 Qg6 17. Nd5 c5 18. Nf4 Qg5 19. Nf5 Bc7 20. h4 Qf6 21. Nh5 Qxb2 22. Nhxg7+ Kd8 23. Rcd1 b5 24. Rxd7+ Kxd7 25. Qd1+ Kc8 26. Nd6+ Bxd6 27. Qxd6 Qxg7 28. Bh3+ 1-0

[Event "Llinars del Valles op-B 8th"]
[Site "Llinars del Valles"]
[Date "2014.06.14"]
[Round "7"]
[White "Ridao Gimeno, Oscar"]
[Black "Rius Riu, Gerard"]
[Result "1/2-1/2"]
[WhiteElo "1826"]
[BlackElo "1789"]
[PlyCount "91"]
[EventDate "2014.04.26"]
[EventType "swiss"]
[EventRounds "8"]
[EventCountry "ESP"]
[SourceTitle "EXT 2015"]
[Source "ChessBase"]
[SourceDate "2014.11.20"]
[SourceVersion "1"]
[SourceVersionDate "2014.11.20"]
[SourceQuality "1"]

1. e4 c5 2. Nf3 d6 3. c3 Nf6 4. Qc2 Nc6 5. Bb5 Bd7 6. 0-0 g6 7. d3 Bg7 8. Be3 0-0 9. d4 Ng4 10. d5 Nxe3 11. fxe3 Ne5 12. Bxd7 Qxd7 13. Nbd2 b5 14. Nxe5 Bxe5 15. Nf3 Bg7 16. Qf2 Bf6 17. Qg3 Qc7 18. Rf2 Rae8 19. Raf1 e6 20. Nd2 Be5 21. Qh3 Qe7 22. Rf3 a6 23. R3f2 Rd8 24. Nf3 Qd7 25. Ng5 h5 26. dxe6 fxe6 27. Rxf8+ Rxf8 28. Rxf8+ Kxf8 29. Qxe6 Qxe6 30. Nxe6+ Ke7 31. Nc7 Kd7 32. Nd5 Ke6 33. b3 g5 34. h3 h4 35. Kf2 Bf6 36. c4 b4 37. Kf3 Bd8 38. Kg4 Ke5 39. Kf3 Ke6 40. g3 hxg3 41. Kxg3 Ke5 42. Kf3 a5 43. h4 gxh4 44. Nf4 Bg5 45. Nd3+ Ke6 46. Nf4+ 1/2-1/2

[Event "Llinars del Valles op-B 8th"]
[Site "Llinars del Valles"]
[Date "2014.05.31"]
[Round "5"]
[White "Ridao Gimeno, Oscar"]
[Black "Vicente Perales, Manel"]
[Result "1-0"]
[WhiteElo "1826"]
[BlackElo "1757"]
[PlyCount "83"]
[EventDate "2014.04.26"]
[EventType "swiss"]
[EventRounds "8"]
[EventCountry "ESP"]
[SourceTitle "EXT 2015"]
[Source "ChessBase"]
[SourceDate "2014.11.20"]
[SourceVersion "1"]
[SourceVersionDate "2014.11.20"]
[SourceQuality "1"]

1. e4 e6 2. c3 d5 3. exd5 exd5 4. d4 Nf6 5. Nf3 Bd6 6. Bd3 Bg4 7. Qe2+ Qe7 8. Qxe7+ Bxe7 9. Ne5 0-0 10. Nxg4 Nxg4 11. h3 Nf6 12. Bf4 c6 13. Nd2 Re8 14. 0-0-0 b5 15. Rde1 Nbd7 16. Re2 c5 17. dxc5 Bxc5 18. Rhe1 a6 19. f3 d4 20. c4 bxc4 21. Nxc4 Rxe2 22. Rxe2 Nd5 23. Bd2 Nb4 24. Bxb4 Bxb4 25. Be4 Rd8 26. Kc2 Nc5 27. Bd3 Kf8 28. a3 Nxd3 29. Kxd3 Bc5 30. b4 Ba7 31. Re5 Re8 32. Rxe8+ Kxe8 33. Nd6+ Kd7 34. Nxf7 Kc6 35. Kc4 Bb8 36. Ng5 d3 37. Kxd3 Kb5 38. Kc2 h6 39. Ne4 Be5 40. Kb3 g5 41. a4+ Kb6 42. Kc4 1-0

[Event "Vall del Tenes op 3rd"]
[Site "Santa Eulalia de Roncana"]
[Date "2014.05.30"]
[Round "6"]
[White "Lopez Torralba, Oscar"]
[Black "Ridao Gimeno, Oscar"]
[Result "0-1"]
[WhiteElo "1700"]
[BlackElo "1826"]
[PlyCount "116"]
[EventDate "2014.04.25"]
[EventType "swiss"]
[EventRounds "8"]
[EventCountry "ESP"]
[SourceTitle "CBM 160 Extra"]
[Source "ChessBase"]
[SourceDate "2014.07.01"]
[SourceVersion "1"]
[SourceVersionDate "2014.07.01"]
[SourceQuality "1"]

1. c4 e5 2. Nc3 Nf6 3. g3 c6 4. Bg2 d5 5. b3 Bf5 6. d3 Bb4 7. Bd2 Bc5 8. Rb1 a5 9. Nf3 0-0 10. 0-0 Re8 11. Qc2 Na6 12. Na4 d4 13. Nxc5 Nxc5 14. Nh4 Be6 15. b4 axb4 16. Rxb4 Qc8 17. Rfb1 Bh3 18. f3 Ra7 19. Bh1 Bd7 20. Bg5 Qd8 21. e4 h6 22. Bxf6 Qxf6 23. Qe2 Qg5 24. Nf5 Bxf5 25. exf5 Qxf5 26. Rd1 Ra3 27. f4 Rea8 28. Rd2 exf4 29. g4 Qg5 30. Bf3 h5 31. h3 hxg4 32. hxg4 Rc3 33. Rbb2 Qh4 34. Qh2 Qe1+ 35. Kg2 Qe3 36. Re2 Qxd3 37. Qxf4 Ne6 38. Rxe6 fxe6 39. Rxb7 Rxa2+ 40. Kg3 Qxf3+ 41. Qxf3 Rxf3+ 42. Kxf3 Rc2 43. g5 Kf8 44. g6 Rxc4 45. Rb8+ Ke7 46. Ke4 Kf6 47. Kd3 Ra4 48. Rb1 e5 49. Rg1 c5 50. Ke4 c4 51. Rf1+ Kxg6 52. Kxe5 d3 53. Kd4 Kh6 54. Kc3 g5 55. Rd1 g4 56. Rb1 Kh5 57. Rb4 Rxb4 58. Kxb4 Kh4 0-1

[Event "Llinars del Valles op-B 8th"]
[Site "Llinars del Valles"]
[Date "2014.05.17"]
[Round "4"]
[White "Iglesias Rodriguez, Joel"]
[Black "Ridao Gimeno, Oscar"]
[Result "1-0"]
[WhiteElo "1983"]
[BlackElo "1826"]
[PlyCount "113"]
[EventDate "2014.04.26"]
[EventType "swiss"]
[EventRounds "8"]
[EventCountry "ESP"]
[SourceTitle "EXT 2015"]
[Source "ChessBase"]
[SourceDate "2014.11.20"]
[SourceVersion "1"]
[SourceVersionDate "2014.11.20"]
[SourceQuality "1"]

1. c4 c5 2. Nc3 Nc6 3. g3 g6 4. Bg2 d6 5. e3 Bg7 6. Nge2 Nf6 7. d4 cxd4 8. exd4 0-0 9. 0-0 Re8 10. Bf4 Nh5 11. Be3 Bg4 12. f3 Bc8 13. b3 a6 14. d5 Nb8 15. Bd4 Nd7 16. Bxg7 Nxg7 17. Qd2 Nf5 18. Bh3 Nf6 19. Bxf5 Bxf5 20. Nd4 Bd7 21. Ne4 Nxe4 22. fxe4 e5 23. Nf3 Kg7 24. Rf2 Rf8 25. c5 Bg4 26. cxd6 Bxf3 27. Rxf3 Qxd6 28. Rc1 Rac8 29. Rfc3 Rxc3 30. Qxc3 Rd8 31. Qc7 Rd7 32. Qxd6 Rxd6 33. Rc7 Rb6 34. Kf2 Kf8 35. Ke3 a5 36. Kd3 h5 37. Kc4 Rb4+ 38. Kc5 Rxe4 39. Rxb7 f5 40. Kd6 f4 41. Ke6 Rb4 42. Rc7 fxg3 43. hxg3 e4 44. d6 Rb6 45. Kd5 Ke8 46. Re7+ Kd8 47. Rxe4 g5 48. Kc5 Rb4 49. Re3 h4 50. gxh4 gxh4 51. Rf3 Rg4 52. Kc6 Rg8 53. Rf7 Ke8 54. Re7+ Kd8 55. Ra7 Ke8 56. Ra8+ Kf7 57. Rxg8 1-0

[Event "Vall del Tenes op 3rd"]
[Site "Santa Eulalia de Roncana"]
[Date "2014.05.09"]
[Round "3"]
[White "Boixader Arbo, Xavier"]
[Black "Ridao Gimeno, Oscar"]
[Result "1-0"]
[WhiteElo "1907"]
[BlackElo "1826"]
[PlyCount "137"]
[EventDate "2014.04.25"]
[EventType "swiss"]
[EventRounds "8"]
[EventCountry "ESP"]
[SourceTitle "CBM 160 Extra"]
[Source "ChessBase"]
[SourceDate "2014.07.01"]
[SourceVersion "1"]
[SourceVersionDate "2014.07.01"]
[SourceQuality "1"]

1. e4 c5 2. Nf3 d6 3. d4 cxd4 4. Nxd4 Nf6 5. Nc3 g6 6. Be2 Bg7 7. Be3 Nc6 8. Qd2 Bd7 9. h4 h5 10. f3 a6 11. Rg1 Qc7 12. Nb3 Ne5 13. Bg5 Nc4 14. Bxc4 Qxc4 15. 0-0-0 a5 16. e5 Ng8 17. exd6 e6 18. Qd3 Qxd3 19. Rxd3 b6 20. Be3 a4 21. Nd4 Nh6 22. Ncb5 Bxb5 23. Nxb5 Kd7 24. Bxb6 Rab8 25. Bd4 e5 26. Bxe5 Bxe5 27. Rd5 Rhe8 28. g4 hxg4 29. fxg4 Rb6 30. c4 Bxd6 31. Rgd1 Re6 32. Nd4 Re5 33. Rxe5 Bxe5 34. c5 Bf4+ 35. Kc2 Rc6 36. Nxc6+ Kxc6 37. Rd4 Be3 38. Rxa4 Bxc5 39. Kd3 Ng8 40. Rf4 Nh6 41. h5 gxh5 42. Rf6+ Kb5 43. Rxh6 hxg4 44. Ke4 g3 45. Kf3 Bf2 46. Rf6 Kc4 47. Rxf7 Kb4 48. Rb7+ Ka5 49. Rg7 Bd4 50. Rg5+ Kb6 51. b3 Bb2 52. Kxg3 Ba3 53. Kf3 Kc6 54. Ke4 Kb6 55. Kd3 Ka6 56. Kc4 Bc1 57. Rf5 Be3 58. b4 Bd2 59. a4 Kb7 60. Rf6 Bg5 61. Rg6 Bf4 62. a5 Ka7 63. a6 Be3 64. Kb5 Bd4 65. Rh6 Be5 66. Rh7+ Ka8 67. Kc6 Bf4 68. b5 Be5 69. b6 1-0

[Event "Roncana op-B 7th"]
[Site "Santa Eulalia de Roncana"]
[Date "2013.11.30"]
[Round "8"]
[White "Ridao Gimeno, Oscar"]
[Black "Batalle Mompart, Carles"]
[Result "1/2-1/2"]
[WhiteElo "1638"]
[BlackElo "1607"]
[PlyCount "114"]
[EventDate "2013.10.05"]
[EventType "swiss"]
[EventRounds "8"]
[EventCountry "ESP"]
[SourceTitle "EXT 2015"]
[Source "ChessBase"]
[SourceDate "2014.11.20"]
[SourceVersion "1"]
[SourceVersionDate "2014.11.20"]
[SourceQuality "1"]

1. c4 Nf6 2. Nc3 d5 3. cxd5 Nxd5 4. e4 Nb6 5. Nf3 Bg4 6. Be2 Nc6 7. Bb5 a6 8. Bxc6+ bxc6 9. d4 Bxf3 10. gxf3 e6 11. Bf4 Rb8 12. Qd3 Ra8 13. Rd1 Bd6 14. e5 Be7 15. Rg1 g6 16. a3 Nd5 17. Qd2 a5 18. Ne4 f6 19. exf6 Nxf6 20. Be5 Rb8 21. Qc3 0-0 22. Qxc6 Qd5 23. Nxf6+ Bxf6 24. Qxd5 exd5 25. Bxc7 Rxb2 26. Bxa5 Re8+ 27. Kf1 Ree2 28. Rg2 Be7 29. Re1 Rxe1+ 30. Kxe1 Rb3 31. Bb4 Bxb4+ 32. axb4 Rxb4 33. Rg4 Kf7 34. h4 h6 35. Kd2 Rb3 36. Rf4+ Ke7 37. Ke2 Rb1 38. Rg4 Kf6 39. Ke3 g5 40. hxg5+ hxg5 41. f4 Rb3+ 42. Ke2 Kf5 43. Rxg5+ Kxf4 44. Rxd5 Ke4 45. Rd8 Rb2+ 46. Kf1 Rd2 47. Kg2 Rd3 48. d5 Rxd5 49. f3+ Ke5 50. f4+ Ke4 51. Rxd5 Kxd5 52. Kg3 Ke6 53. Kg4 Kf6 54. f5 Kf7 55. Kg5 Kg7 56. f6+ Kf7 57. Kf5 Kf8 1/2-1/2

[Event "Llinars del Valles op 5th"]
[Site "Llinars del Valles"]
[Date "2013.11.08"]
[Round "5"]
[White "Costa Trave, Jaume"]
[Black "Ridao Gimeno, Oscar"]
[Result "1-0"]
[WhiteElo "2087"]
[BlackElo "1803"]
[PlyCount "80"]
[EventDate "2013.10.04"]
[EventType "swiss"]
[EventRounds "8"]
[EventCountry "ESP"]
[SourceTitle "CBM 157 Extra"]
[Source "ChessBase"]
[SourceDate "2013.12.19"]
[SourceVersion "1"]
[SourceVersionDate "2013.12.19"]
[SourceQuality "1"]

1. f4 d5 2. Nf3 Nc6 3. d4 g6 4. e3 a6 5. c4 Nf6 6. Nc3 Bg4 7. cxd5 Nxd5 8. Bc4 e6 9. 0-0 Bg7 10. a3 0-0 11. Qe1 Bxf3 12. Rxf3 b5 13. Ba2 Nce7 14. Kh1 c6 15. Ne4 h6 16. Nc5 Nc8 17. Bd2 Nd6 18. Rd1 Re8 19. Ba5 Qe7 20. e4 Nc7 21. e5 Nf5 22. Ne4 Qd7 23. Bb4 Nd5 24. Bc5 a5 25. g4 Nfe7 26. Qf2 b4 27. Bc4 bxa3 28. bxa3 Reb8 29. Rf1 Rb7 30. Nd6 Rbb8 31. f5 exf5 32. gxf5 Bf8 33. fxg6 fxg6 34. Rf7 Bg7 35. Rxg7+ Kxg7 36. Qf7+ Kh8 37. Bxd5 cxd5 38. Qf6+ Kh7 39. e6 Qd8 40. Nf7 Ng8 1-0